clickback ball knowledge 4 - Statistics

General Stats
  • This quiz has been taken 6 times
  • The average score is 7 of 20
Answer Stats
Hint Answer % Correct
Opposite sides on a standard die all sum to what? 7
100%
How many calories are in 1 gram of carbohydrates? 4
67%
Tyler Durden is a character is what movie? Fight Club
67%
Name one of the two atomic bombs used during WW2. Little Boy / Fat Man
67%
What color is the front pin in 100 pin bowling on Wii Sports? Red
67%
what kind of traditional monster can not see themselves in mirror? Vampire
67%
How much does the Costco hotdog and soda combo cost? $1.50
50%
What element must be present for the classicfication of 'amino' or 'amine'? (Hint : CHO, CHO, CHON, CHONP) Nitrogen
33%
What is the name of the type of thick white paint used on surfaces before applying more layers of (usually) colored paint? Primer
33%
Less than what p value must be achived for something to be statistically significant? 0.05
17%
What is the conversion ratio from inches to cm? 2.54
17%
Some people have a condition that inhibits their ability to create mental visual imagery, what is this called? Aphantasia
17%
U2 features on XXX by Kendrick Lamar, finish the lyric, "This country used to be a sound of _____ ___ _____." drum and bass
17%
What is a flock of geese refered to as? Gaggle
17%
why do Beck Hardin be pooping hecka (GI condition that causes inflammation and irregular bowel movements)? IBS
17%
What term is used in the card game "Spades" for when you score more tricks then predicted? Bags
0%
"The law of equivilant exchange" is a central idea to what anime? FMAB / full metal alchemist brotherhood
0%
Who is the alter ego of the answer to question 2? Queen Marika
0%
what is the name of the phase 1 final boss in the game Elden Ring Radagon of the Golden Order
0%
According to the lore, who did the former character marry? Rennala
0%
No matching quizzes found
Score Distribution
Percent of People with Each Score
Percentile by Number Answered
Your Score History
You have not taken this quiz